00201nam a2200085Ia 4500003000400000008004100004040001600045082002700061245002700088GCL140319s9999 xx 000 0 ara d aGCL / cGCL04a1bص ق ء)10a6.1\ق م X)